000 00667cam a22002293a 4500
001 31944
003 PGUSA
005 20140828083706.0
008 100411s2010||||xxu|||||s|||||000 | eng d
040 _aPGUSA
_beng
042 _adc
050 4 _aZ
100 1 _aLebert, Marie
245 1 0 _aLe livre, de l'imprimé au numérique
_h[electronic resource] /
_cMarie Lebert
260 _bProject Gutenberg,
_c2010
506 _aCopyrighted. Read the copyright notice inside this book for details.
516 _aElectronic text
653 _aElectronic books
830 0 _aProject Gutenberg
_v31944
856 4 0 _uhttp://www.gutenberg.org/ebooks/31944
942 _cEB
999 _c261199
_d261199